书目信息 |
| 题名: |
农业机械化基础知识讲义
|
|
| 作者: | ;中国农业科学院南京农业机械化研究所 编著 | |
| 分册: | ||
| 出版信息: | 北京 农业出版社 1961 |
|
| 页数: | 418页 | |
| 开本: | 20cm | |
| 丛书名: | ||
| 单 册: | ||
| 中图分类: | S233 | |
| 科图分类: | ||
| 主题词: | 农业机械化 | |
| 电子资源: | ||
| ISBN: | ||
| 000 | 00752nam0 2200205 450 | |
| 001 | 0630239638 | |
| 005 | 20060725082709.12 | |
| 010 | @dCNY1.25 | |
| 100 | @a20060725d1961 km y0chiy0120 ea | |
| 101 | 0 | @achi |
| 102 | @aCN@b110000 | |
| 200 | 1 | @a农业机械化基础知识讲义@Anong ye ji xie hua ji chu zhi shi jiang yi@f中国农业科学院南京农业机械化研究所 编著@Fzhong guo nong ye ke xue yuan nan jing nong ye ji xie hua yan jiu suo bian zhu |
| 210 | @a北京@c农业出版社@d1961 | |
| 215 | @a418页@d20cm | |
| 300 | @a农业红专大学教材 | |
| 606 | 0 | @a农业机械化 |
| 690 | @aS233@v3 | |
| 711 | 0 | @a中国农业科学院南京农业机械化研究所@Azhong guo nong ye ke xue yuan nan jing nong ye ji xie hua yan jiu suo@4编著 |
| 801 | 0 | @aCN@bPFT@c20060725 |
| 905 | @a10447@dS233@e19 | |
| 农业机械化基础知识讲义/中国农业科学院南京农业机械化研究所 编著.-北京:农业出版社,1961 |
| 418页;20cm |
| 农业红专大学教材 |
| ISBN :CNY1.25 |
| ● |
| 相关链接 |
|
|
|
|
正题名:农业机械化基础知识讲义
索取号:S233/19
 
预约/预借
| 序号 | 登录号 | 条形码 | 馆藏地/架位号 | 状态 | 备注 |
| 1 | 0438310 | 204383103 | 密集书库/ [索取号:S233/19] | 在馆 |